000 00511nam a2200157 i 4500
001 27986
003 ES-MaACL
005 20230906153736.0
007 t|
008 030116s1844 sp ||||1| spa d
100 1 _aArbolí, Juan José.
_922409
245 1 0 _aCompendio de las lecciones de Filosofía que se enseñan en el Colegio de Humanidades de San Felipe Nery de Cádiz /
_cpor Juan José Arbolí.
260 _aCádiz :
_bRevista Médica,
_c1844.
300 _a1 t. ;
_c21 cm.
852 _aES-MaACL
_jG-9384
999 _c27986
_d27986